000 00660nam a2200229 a 4500
001 BRCA_3694
005 20190320204402.0
008 080909s1959----fr-a######---#000-0#fre-#
041 _afre
044 _afr
050 4 _aNK2547
_b.M48 15
_c1959
245 1 0 _aMeubles et ensembles
_bNormands
_cintroduction par León Leclerc.
260 _aParís
_bCh Massin
_c[1959]
300 _a1 v. (sin paginación)
_bil., 36 láminas
_c29 cm.
440 0 _aMeubles et ensembles
_v15
_99593
500 _aIncluye lista de láminas
500 _aB331
650 1 4 _aMuebles franceses
_99594
700 1 _aLeclerc., León
_eintrod
_99595
902 _aGFM
942 _2lcc
_cB
999 _c3424
_d3424